000 00298nam a22001337a 4500
008 170303b xxu||||| |||| 00| 0 eng d
020 _a9780781720373
041 _aeng
080 _a616.073
100 _a6
101 _aSHM
245 _aHIGH RESOLUTION CT OF CHEST
_cSTERN.E.J
942 _2udc
_cBK
999 _c6662
_d6662